LEADER 01428oam 2200421zu 450 001 9911006530603321 005 20210807002722.0 010 $a1-61583-623-3 035 $a(CKB)3360000000000391 035 $a(SSID)ssj0000702500 035 $a(PQKBManifestationID)11397112 035 $a(PQKBTitleCode)TC0000702500 035 $a(PQKBWorkID)10686043 035 $a(PQKB)11724007 035 $a(WaSeSS)Ind00030850 035 $a(EXLCZ)993360000000000391 100 $a20160829d1960 uy 101 0 $aeng 135 $aur||||||||||| 181 $ctxt 182 $cc 183 $acr 200 10$aPhysico-chemical constants of binary systems in concentrated solutions. Volume 3, Systems with metallic compounds 210 31$a[Place of publication not identified]$cKnovel$d1960 215 $a1 online resource (1325 p.) 300 $aBibliographic Level Mode of Issuance: Monograph 606 $aChemistry$2HILCC 606 $aPhysical Sciences & Mathematics$2HILCC 606 $aPhysical & Theoretical Chemistry$2HILCC 615 7$aChemistry 615 7$aPhysical Sciences & Mathematics 615 7$aPhysical & Theoretical Chemistry 700 $aTimmermans$b Jean$f1882-1971,$00 801 0$bPQKB 906 $aBOOK 912 $a9911006530603321 996 $aPhysico-chemical constants of binary systems in concentrated solutions. Volume 3, Systems with metallic compounds$94389007 997 $aUNINA